|
|
|
|
| LEADER |
00000nam a2200000Ia 4500 |
| 008 |
180424b1994 cr ||||| |||| 00| | spa d |
| 999 |
|
|
|c 1814
|d 1814
|
| 090 |
|
|
|a 06.03.06
|b 599
|
| 100 |
1 |
|
|a Gurdián Fernández, Alicia
|9 169
|e Compilador/a
|
| 245 |
1 |
0 |
|a Proyecto de Universidad para el siglo XXI /
|c Alicia Gurdián Fernández
|
| 260 |
|
|
|a San José, Costa Rica :
|b Oficina de publicaciones de la Universidad de Costa Rica,
|c 1994
|
| 300 |
|
|
|a 408 páginas
|
| 610 |
2 |
4 |
|a UNIVERSIDAD DE COSTA RICA
|9 714
|
| 650 |
1 |
4 |
|a EDUCACIÓN SUPERIOR
|9 8
|
| 650 |
1 |
4 |
|a CONFERENCIA
|9 506
|
| 700 |
|
|
|a Gurdián Fernández, Alicia,
|e compiladora
|
| 942 |
|
|
|i 00978
|h 06.03.06 599
|2 z
|c 01
|